000 00926nam a2200253 a 4500
999 _c11503
_d11503
001 11503
003 BD-JhCC
005 20191019092336.0
008 180624b20032006bg |||| ||a| 000 0 ben d
020 _a9844103428
035 _a(BD-JhCC)11503
040 _aBD-JhCC
_dBD-JhCC
041 _aben
082 _bNAR 2006
_a301.412
245 _aনারীর ক্ষ্মতায়ন:
_bরাজনীতি ও আন্দোলন /
_cসম্পাদিত: সেলিনা হোসেন, মাসুদুজ্জামান ।
260 _aঢাকা:
_bমাওলা ব্রাদার্স;
_c২০০৬.
300 _a৩৭২ পৃ. :
_c২২ সেমি.
650 _aWomen in development
650 _aWomen--Social conditions
700 _aহোসেন,সেলিনা
700 _aমাসুদুজ্জামান
942 _2ddc
_cBK